Normal view
MARC view
- Ilyas Adil Muhammad
Entry Personal Name
001 - CONTROL NUMBER
- control field: 125140
003 - CONTROL NUMBER IDENTIFIER
- control field: NUST
005 - DATE AND TIME OF LATEST TRANSACTION
- control field: 20240815101101.0
008 - FIXED-LENGTH DATA ELEMENTS
- fixed length control field: 240815|| aca||aabn | a|a d
040 ## - CATALOGING SOURCE
- Original cataloging agency: NUST
- Transcribing agency: NUST
100 ## - HEADING--PERSONAL NAME
- Personal name: Ilyas Adil Muhammad
670 ## - SOURCE DATA FOUND
- Source citation: Work cat.: (NUST)610910: Ilyas Adil Muhammad , Seerat Hazrat Ali Al Murtaza R.A., 2003.
